Monografías Biológicas Nº 1 Bases biológicas para el uso y manejo de recursos naturales renovables: Recursos de la zona de matorral y bosque esclerófilo de Chile Central

Gespeichert in:
Bibliographische Detailangaben
1. Verfasser: Hajek, E.R
Format: Buch
Sprache:Englisch
Veröffentlicht: Santiago Facultad de Ciencias Biológicas. Pontificia Universidad Católica de Chile 1981
Schlagworte:
Tags: Tag hinzufügen
Keine Tags, Fügen Sie den ersten Tag hinzu!

MARC

LEADER 00000nam a22000007a 4500
003 CL-VaPUC
005 20200117105318.0
008 200117b ||||| |||| 00| 0 eng d
999 |c 376549  |d 376547 
040 |c Pontificia Universidad Católica de Valparaíso 
082 |a 333.7 HAJ 1981 
100 1 |a Hajek, E.R.  |9 608569 
245 |a Monografías Biológicas Nº 1  |b Bases biológicas para el uso y manejo de recursos naturales renovables: Recursos de la zona de matorral y bosque esclerófilo de Chile Central 
260 |a Santiago  |b Facultad de Ciencias Biológicas. Pontificia Universidad Católica de Chile  |c 1981 
300 |a 87 p. 
583 |c 20200117  |k Valeria Valenzuela 
650 0 0 |a RECURSOS NATURALES RENOVABLES  |9 262788 
650 0 0 |a ECOSISTEMA  |9 347937 
650 0 0 |a MATORRAL  |9 608571 
650 0 0 |a BOSQUE ESCLEROFILO  |9 608572 
651 |a CHILE  |9 608573 
651 |a ZONA CENTRAL  |9 267339 
942 |2 ddc  |c BK 
952 |0 0  |1 0  |2 ddc  |4 0  |6 333_700000000000000_HAJ_1981  |7 0  |8 CCM  |9 496050  |a BIBCUR  |b BIBCUR  |d 2020-01-17  |i 5608902  |l 2  |m 1  |o 333.7 HAJ 1981   |p 5608902  |r 2025-04-22  |s 2024-01-29  |t 1  |w 2020-01-17  |y BK  |k CIM